| 000 | 00596nam a2200217Ia 4500 | ||
|---|---|---|---|
| 003 | LK-CoDNM | ||
| 005 | 20240205100157.0 | ||
| 008 | 010623t1909 xxu||||| |||| 00| 1 Pali d | ||
| 040 |
_aLK-CoDNM _dLK-CoDNM _eLK-CoDNM |
||
| 041 | _aPali | ||
| 080 |
_a104 _bP 22 |
||
| 100 | _aBuddhagosha thero | ||
| 245 | _aජාතකට්ඨ කථා 7 | ||
| 246 | _aJaathakattha Katha.Part VII | ||
| 260 |
_bJinalankara _aColombo _c1909 |
||
| 300 | _b79p., 25 cm | ||
| 650 | _aJaathaka Katha (205-250) | ||
| 700 |
_aDhammananda thero _eed. |
||
| 700 |
_aSeelananda thero,Aruggoda _eed. |
||
| 942 | _cBK | ||
| 999 |
_c87150 _d87150 |
||